书目信息 |
| 题名: |
食品干燥加工技术
|
|
| 作者: | 董全 主编 | |
| 分册: | ||
| 出版信息: | 北京 化学工业出版社 2007.5 |
|
| 页数: | 238页 | |
| 开本: | 24cm | |
| 丛书名: | 现代食品加工新技术丛书 | |
| 单 册: | ||
| 中图分类: | TS205.1 | |
| 科图分类: | ||
| 主题词: | 食品加工--干燥 | |
| 电子资源: | ||
| ISBN: | 978-7-122-00046-0 | |
| 000 | 00920oam2 2200253 45 | |
| 001 | 1338876250 | |
| 005 | 20130514152402.51 | |
| 010 | @a978-7-122-00046-0@dCNY30.00 | |
| 100 | @a20130108d2007 em y0chiy0121 ea | |
| 101 | 0 | @achi |
| 102 | @aCN@b110000 | |
| 105 | @aa z 000yy | |
| 106 | @ar | |
| 200 | 1 | @a食品干燥加工技术@AShi Pin Gan Zao Jia Gong Ji Shu@f董全等主编@FDong Quan Deng Zhu Bian |
| 210 | @a北京@c化学工业出版社@d2007.5 | |
| 215 | @a238页@c图@d24cm | |
| 225 | 2 | @a现代食品加工新技术丛书 |
| 330 | @a本书介绍了食品干燥加工原理、食品厢式和隧道式干燥、食品微波干燥、食品喷雾干燥、食品真空干燥、食品冷冻干燥、食品渗透干燥、干制品的包装和储运、食品干燥加工过程的HACCP干燥品质量标准与质量检验。 | |
| 461 | 0 | @12001 @a现代食品加工新技术丛书 |
| 606 | 0 | @a食品加工@x干燥 |
| 690 | @aTS205.1@v5 | |
| 701 | 0 | @a董全@ADong Quan@4主编 |
| 801 | @aCN@bTANGWEI@c20130108 | |
| 905 | @b0828986-90@dTS205.1@e152@f5 | |
| 食品干燥加工技术/董全等主编.-北京:化学工业出版社,2007.5 |
| 238页:图;24cm.-(现代食品加工新技术丛书) |
| ISBN 978-7-122-00046-0:CNY30.00 |
| 本书介绍了食品干燥加工原理、食品厢式和隧道式干燥、食品微波干燥、食品喷雾干燥、食品真空干燥、食品冷冻干燥、食品渗透干燥、干制品的包装和储运、食品干燥加工过程的HACCP干燥品质量标准与质量检验。 |
| ● |
| 相关链接 |
|
|
|
|
正题名:食品干燥加工技术
索取号:TS205.1/152
 
预约/预借
| 序号 | 登录号 | 条形码 | 馆藏地/架位号 | 状态 | 备注 |
| 1 | 0828986 | 208289868 | 第二样本阅览室/ [索取号:TS205.1/152] | 在馆 | |
| 2 | 0828987 | 208289877 | 第三借阅区/ [索取号:TS205.1/152] | 在馆 | |
| 3 | 0828988 | 208289886 | 第三借阅区/ [索取号:TS205.1/152] | 在馆 | |
| 4 | 0828989 | 208289895 | 第三借阅区/ [索取号:TS205.1/152] | 在馆 | |
| 5 | 0828990 | 208289902 | 第三借阅区/ [索取号:TS205.1/152] | 在馆 |